Sports Quiz

Random Sports or Baseball Quiz

MLB All-Star Hosts Quiz Stats

 Plays Quiz Updated Jul 15, 2019

Score 0/90 Timer 04:00
0 Plays Today
Year City % Correct
1934New York
99.2%
2008New York
99.2%
1939New York
99.2%
1942New York
99.2%
1960New York
99.2%
1964New York
99.2%
1977New York
99.2%
1949Brooklyn
98.6%
2013New York
98.5%
1999Boston
94.5%
1936Boston
94.4%
1946Boston
94.4%
1961Boston
94.4%
1933Chicago
93.2%
2003Chicago
93.2%
1983Chicago
93.2%
1990Chicago
93.2%
1947Chicago
93.2%
1950Chicago
93.2%
1962Chicago
93.2%
1959Los Angeles
93.2%
1980Los Angeles
93.2%
2017Miami
91.8%
1995Arlington
90.1%
2019Cleveland
89.7%
2004Houston
89.3%
1968Houston
89.3%
1986Houston
89.3%
2009St. Louis
88.9%
1940St. Louis
88.9%
Year City % Correct
1948St. Louis
88.9%
1957St. Louis
88.9%
1966St. Louis
88.9%
2001Seattle
88.7%
1979Seattle
88.6%
2018Washington D.C.
88.5%
2007San Francisco
88.4%
1961San Francisco
88.4%
1984San Francisco
88.4%
2012Kansas City
87.4%
2000Atlanta
86.9%
1972Atlanta
86.9%
1996Philadelphia
86.2%
1943Philadelphia
86.2%
1952Philadelphia
86.2%
1976Philadelphia
86.2%
2016San Diego
85.8%
2006Pittsburgh
85%
1994Pittsburgh
85%
1944Pittsburgh
85%
1959Pittsburgh
85%
1974Pittsburgh
85%
1935Cleveland
83.6%
1997Cleveland
83.6%
1954Cleveland
83.6%
1963Cleveland
83.6%
1981Cleveland
83.6%
1960Kansas City
83.1%
1973Kansas City
83.1%
2005Detroit
83%
Year City % Correct
1941Detroit
83%
1951Detroit
83%
1971Detroit
83%
1992San Diego
82.3%
1978San Diego
82.3%
1937Washington D.C.
81.5%
1956Washington D.C.
81.5%
1962Washington D.C.
81.5%
1969Washington D.C.
81.5%
1993Baltimore
81.1%
1958Baltimore
81.1%
2015Cincinnati
81%
1987Oakland
78.4%
1991Toronto
77.6%
1998Denver
77.3%
2010Anaheim
76%
1989Anaheim
76%
1967Anaheim
76%
1938Cincinnati
76%
1953Cincinnati
76%
1970Cincinnati
76%
1988Cincinnati
76%
2002Milwaukee
75.9%
1955Milwaukee
75.9%
1975Milwaukee
75.9%
2014Minneapolis
74%
1965Bloomington
70.1%
1985Minneapolis
69.3%
1982Montreal
64.1%
2011Phoenix
31.9%

You're not logged in!

Compare scores with friends on all Sporcle quizzes.
OR
Log In

Sporcle TV

Today on Sporcle TV


Watch our educational content, quiz creation guides, and fun videos on Sporcle TV.

Show Comments

Extras

Top Quizzes Today


Score Distribution

Your Account Isn't Verified!

In order to create a playlist on Sporcle, you need to verify the email address you used during registration. Go to your Sporcle Settings to finish the process.

Report this User

Report this user for behavior that violates our Community Guidelines.

Details: